[Event "Continental op 51st"]
[Site "Sturbridge"]
[Date "2021.08.14"]
[Round "5"]
[White "Arun, Siddharth"]
[Black "Lizarazo, Juan Carlos"]
[Result "1/2-1/2"]
[WhiteElo "2055"]
[BlackElo "1952"]
[PlyCount "85"]
[EventDate "2021.08.12"]
[EventType "swiss"]
[EventRounds "9"]
[EventCountry "USA"]
[SourceTitle "CBM 203 Extra"]
[Source "ChessBase"]
[SourceDate "2021.09.30"]
[SourceVersion "1"]
[SourceVersionDate "2021.09.30"]
[SourceQuality "1"]

1. Nf3 Nf6 2. b3 g6 3. Bb2 Bg7 4. e3 c5 5. d4 0-0 6. dxc5 Qa5+ 7. c3 Qxc5 8. Ba3 Qc7 9. Bxe7 Re8 10. Bxf6 Bxf6 11. Nd4 a6 12. Be2 Nc6 13. 0-0 b5 14. a3 Bb7 15. Nd2 Ne5 16. Rc1 Qd6 17. b4 Qd5 18. e4 Qa2 19. Rc2 Qxa3 20. Nb1 Qa1 21. Qd2 Bxe4 22. Ra2 Qxb1 23. Rxb1 Bxb1 24. Rb2 Be4 25. Qf4 Nd3 26. Qxf6 Nxb2 27. h4 Re6 28. Nxe6 fxe6 29. Qe7 Bc6 30. Bf3 Bxf3 31. gxf3 Rf8 32. Qxd7 Rf5 33. Qxe6+ Kg7 34. Qxa6 Nc4 35. Qb7+ Kg8 36. f4 Rh5 37. Kg2 Rf5 38. Kf3 Rh5 39. Qe7 Rf5 40. Ke4 Rh5 41. Qe6+ Kg7 42. Qe7+ Kg8 43. Qe6+ 1/2-1/2

[Event "Continental op 51st"]
[Site "Sturbridge"]
[Date "2021.08.12"]
[Round "2"]
[White "Lizarazo, Juan Carlos"]
[Black "Rahul, Srivatshav P"]
[Result "0-1"]
[WhiteElo "1952"]
[BlackElo "2463"]
[PlyCount "48"]
[EventDate "2021.08.12"]
[EventType "swiss"]
[EventRounds "9"]
[EventCountry "USA"]
[SourceTitle "CBM 203 Extra"]
[Source "ChessBase"]
[SourceDate "2021.09.30"]
[SourceVersion "1"]
[SourceVersionDate "2021.09.30"]
[SourceQuality "1"]

1. Nf3 Nf6 2. c4 g6 3. Qc2 Bg7 4. b3 0-0 5. Bb2 c5 6. d3 Nc6 7. a3 d5 8. Nbd2 d4 9. b4 cxb4 10. axb4 Nxb4 11. Qb3 a5 12. g3 e5 13. Bg2 e4 14. dxe4 d3 15. 0-0 dxe2 16. Rfb1 Nd3 17. Bc3 a4 18. Qc2 Ng4 19. Bxg7 Kxg7 20. Ra3 Ngxf2 21. Qc3+ Kg8 22. Ne1 Nxe1 23. Rxe1 Nd1 24. Qd3 Qb6+ 0-1

[Event "Tunja Liga Boyaca"]
[Site "Tunja"]
[Date "2017.12.17"]
[Round "6.14"]
[White "Villarraga Quiroga, Yedixon Omar"]
[Black "Lizarazo, Juan Carlos"]
[Result "1/2-1/2"]
[WhiteElo "1831"]
[BlackElo "2000"]
[PlyCount "113"]
[EventDate "2017.12.14"]
[EventType "swiss"]
[EventRounds "7"]
[EventCountry "COL"]
[SourceTitle "EXT 2024"]
[Source "ChessBase"]
[SourceDate "2023.10.10"]
[SourceVersion "1"]
[SourceVersionDate "2023.10.10"]
[SourceQuality "1"]

1. e4 e5 2. Nf3 Nc6 3. Bb5 a6 4. Ba4 Nf6 5. 0-0 b5 6. Bb3 Be7 7. Re1 0-0 8. c3 d6 9. d4 Bg4 10. d5 Na5 11. Nbd2 c5 12. dxc6 Nxb3 13. axb3 Qc7 14. h3 Bh5 15. Nf1 Qxc6 16. Bg5 h6 17. Bxf6 Bxf6 18. Nxe5 Bxd1 19. Nxc6 Bxb3 20. Nd4 Bxd4 21. cxd4 Rfc8 22. Ne3 g6 23. Rec1 Be6 24. d5 Bd7 25. Rxc8+ Bxc8 26. Rc1 Kf8 27. Rc6 Ke7 28. Rc7+ Bd7 29. Nc2 a5 30. Na3 Kd8 31. Rc2 Rc8 32. Rxc8+ Kxc8 33. f4 Kc7 34. Kf2 Kb6 35. Ke3 Kc5 36. g4 f5 37. exf5 gxf5 38. g5 hxg5 39. fxg5 Be8 40. Kf4 Bg6 41. h4 b4 42. Nc2 Kxd5 43. Ne3+ Ke6 44. b3 d5 45. Nc2 Kd6 46. Nd4 Kc5 47. Ke5 Bf7 48. Nxf5 a4 49. bxa4 b3 50. Nd4 b2 51. Nb3+ Kb4 52. Nd2 Bg6 53. Kd4 Kxa4 54. Kxd5 Kb4 55. Kd4 Bf7 56. Kd3 Bg6+ 57. Kd4 1/2-1/2

[Event "Tunja Liga Boyaca"]
[Site "Tunja"]
[Date "2017.12.16"]
[Round "4.28"]
[White "Cruz Perez, Uver"]
[Black "Lizarazo, Juan Carlos"]
[Result "0-1"]
[WhiteElo "1600"]
[BlackElo "2000"]
[PlyCount "64"]
[EventDate "2017.12.14"]
[EventType "swiss"]
[EventRounds "7"]
[EventCountry "COL"]
[SourceTitle "EXT 2024"]
[Source "ChessBase"]
[SourceDate "2023.10.10"]
[SourceVersion "1"]
[SourceVersionDate "2023.10.10"]
[SourceQuality "1"]

1. d4 Nf6 2. c4 e6 3. Nc3 Bb4 4. Qc2 c5 5. dxc5 Bxc5 6. Bf4 Nc6 7. e3 Qa5 8. 0-0-0 a6 9. Nf3 0-0 10. h4 b5 11. g4 b4 12. Na4 Be7 13. g5 Nh5 14. Bh2 Rd8 15. Nd2 Bb7 16. Rg1 d5 17. Be2 g6 18. Bxh5 gxh5 19. f4 d4 20. c5 d3 21. Qb3 Bxc5 22. Nc4 Qb5 23. Nxc5 Qxc5 24. Kb1 a5 25. Rc1 a4 26. Qd1 d2 27. Rc2 b3 28. Rc3 Qf5+ 29. Ka1 Nb4 30. Na3 Bf3 31. Qxf3 Nc2+ 32. Nxc2 bxc2 0-1

[Event "Medellin Navideno op"]
[Site "Medellin"]
[Date "2016.12.19"]
[Round "5"]
[White "Arango, Andres Mauricio"]
[Black "Lizarazo, Juan Carlos"]
[Result "1-0"]
[WhiteElo "2078"]
[BlackElo "2018"]
[PlyCount "63"]
[EventDate "2016.12.16"]
[EventType "swiss"]
[EventRounds "7"]
[EventCountry "COL"]
[SourceTitle "CBM 176 Extra"]
[Source "ChessBase"]
[SourceDate "2017.03.02"]
[SourceVersion "1"]
[SourceVersionDate "2017.03.02"]
[SourceQuality "1"]

1. e4 d6 2. d4 Nf6 3. Nc3 g6 4. Be3 Bg7 5. Qd2 c6 6. Bh6 Bxh6 7. Qxh6 Qa5 8. f3 b5 9. Bd3 b4 10. Nd1 Ba6 11. b3 Nbd7 12. Nb2 c5 13. Ne2 cxd4 14. Nxd4 Qc5 15. Ne2 Bb5 16. 0-0-0 a5 17. Bxb5 Qxb5 18. Nd4 Qb7 19. Rhe1 a4 20. Nxa4 Rxa4 21. bxa4 Qa7 22. Nc6 Qxa4 23. e5 Qxc6 24. exf6 e5 25. Qd2 b3 26. axb3 Nc5 27. Qxd6 Nxb3+ 28. Kb2 Qxd6 29. Rxd6 Nc5 30. Rc6 Ne6 31. Rc8+ Nd8 32. Rd1 1-0

[Event "Medellin Navideno op"]
[Site "Medellin"]
[Date "2015.12.10"]
[Round "1"]
[White "Blandon, Luis Guillermo"]
[Black "Lizarazo, Juan Carlos"]
[Result "1/2-1/2"]
[WhiteElo "2280"]
[BlackElo "2021"]
[PlyCount "46"]
[EventDate "2015.12.10"]
[EventType "swiss"]
[EventRounds "7"]
[EventCountry "COL"]
[SourceTitle "CBM 169 Extra"]
[Source "ChessBase"]
[SourceDate "2015.12.18"]
[SourceVersion "1"]
[SourceVersionDate "2015.12.18"]
[SourceQuality "1"]

1. e4 e5 2. Nf3 Nc6 3. Bb5 a6 4. Ba4 Nf6 5. 0-0 b5 6. Bb3 Be7 7. Re1 0-0 8. h3 d6 9. c3 Na5 10. Bc2 c5 11. d4 Qc7 12. Nbd2 Re8 13. Nf1 h6 14. Ng3 Bf8 15. b3 Nc6 16. Be3 Bb7 17. d5 Ne7 18. a4 bxa4 19. Rxa4 Reb8 20. Qa1 Bc8 21. Nd2 Ng6 22. Nf5 Nf4 23. c4 Ng6 1/2-1/2

[Event "Bogota Navidad op"]
[Site "Bogota"]
[Date "2014.12.04"]
[Round "1"]
[White "Lizarazo, Juan Carlos"]
[Black "Becerra, Juan David"]
[Result "0-1"]
[WhiteElo "2044"]
[BlackElo "2169"]
[PlyCount "92"]
[EventDate "2014.12.04"]
[EventType "swiss"]
[EventRounds "9"]
[EventCountry "COL"]
[SourceTitle "CBM 163 Extra"]
[Source "ChessBase"]
[SourceDate "2014.12.23"]
[SourceVersion "1"]
[SourceVersionDate "2014.12.23"]
[SourceQuality "1"]

1. d4 d5 2. Nf3 Nf6 3. c4 c6 4. Nc3 e6 5. Qc2 dxc4 6. e4 b5 7. Bg5 h6 8. Bd2 Bb7 9. Be2 Bb4 10. e5 Bxc3 11. bxc3 Nd5 12. Rb1 Qc7 13. Bc1 Nd7 14. Nd2 f5 15. Bh5+ Kd8 16. Bf3 Nxe5 17. 0-0 Nd3 18. Bxd5 exd5 19. Nf3 Re8 20. Rd1 Qe7 21. Kf1 g5 22. Rxd3 cxd3 23. Qxd3 Qe4 24. Qxe4 dxe4 25. Ne5 Kc7 26. Ba3 Bc8 27. Bc5 Be6 28. a3 a5 29. f3 exf3 30. gxf3 Rad8 31. Kf2 f4 32. Rh1 Rd5 33. h4 Rxc5 34. dxc5 Bd5 35. Ng4 Bc4 36. hxg5 Re2+ 37. Kg1 Re1+ 38. Kg2 Rxh1 39. Kxh1 hxg5 40. Ne5 Bd5 41. Kg2 Kd8 42. Kh3 Ke7 43. Kg4 Ke6 44. Ng6 Kf6 45. Nf8 Kg7 46. Nd7 Be6+ 0-1

[Event "Bogota-ch sf"]
[Site "Bogota"]
[Date "2014.03.24"]
[Round "7"]
[White "Cuellar, Jose Gabriel"]
[Black "Lizarazo, Juan Carlos"]
[Result "0-1"]
[WhiteElo "1736"]
[BlackElo "2077"]
[PlyCount "62"]
[EventDate "2014.03.21"]
[EventType "swiss"]
[EventRounds "7"]
[EventCountry "COL"]
[SourceTitle "CBM 159 Extra"]
[Source "ChessBase"]
[SourceDate "2014.04.24"]
[SourceVersion "1"]
[SourceVersionDate "2014.04.24"]
[SourceQuality "1"]

1. d4 Nf6 2. Nf3 e6 3. Bf4 d5 4. c3 Bd6 5. Bg3 Nc6 6. e3 0-0 7. Bd3 Re8 8. Ng5 e5 9. dxe5 Nxe5 10. Bxe5 Bxe5 11. Qc2 h6 12. Nf3 Bd6 13. Nbd2 c6 14. 0-0 Be6 15. e4 dxe4 16. Nxe4 Nxe4 17. Bxe4 Qc7 18. g3 Bg4 19. Rfe1 f5 20. Qb3+ Qf7 21. Qxf7+ Kxf7 22. Bxf5 Bxf5 23. Rxe8 Rxe8 24. Re1 Rxe1+ 25. Nxe1 Be4 26. Kf1 g5 27. Ke2 Bc5 28. f3 Bb1 29. a3 Bg1 30. Kf1 Be3 31. Ke2 Bc1 0-1

[Event "Bogota-ch sf"]
[Site "Bogota"]
[Date "2014.03.22"]
[Round "2"]
[White "Jimenez, Leonardo Andres"]
[Black "Lizarazo, Juan Carlos"]
[Result "1/2-1/2"]
[WhiteElo "1855"]
[BlackElo "2077"]
[PlyCount "20"]
[EventDate "2014.03.21"]
[EventType "swiss"]
[EventRounds "7"]
[EventCountry "COL"]
[SourceTitle "CBM 159 Extra"]
[Source "ChessBase"]
[SourceDate "2014.04.24"]
[SourceVersion "1"]
[SourceVersionDate "2014.04.24"]
[SourceQuality "1"]

1. e4 d6 2. d4 g6 3. Nc3 c6 4. Nf3 Bg7 5. Be2 Nf6 6. 0-0 0-0 7. Bf4 Qa5 8. Re1 b5 9. d5 c5 10. Nd2 a6 1/2-1/2

[Event "Bogota La Florida op"]
[Site "Bogota"]
[Date "2014.02.02"]
[Round "5"]
[White "Estrella Becerra, Fernando"]
[Black "Lizarazo, Juan Carlos"]
[Result "1-0"]
[WhiteElo "1971"]
[BlackElo "2094"]
[PlyCount "153"]
[EventDate "2014.01.31"]
[EventType "swiss"]
[EventRounds "6"]
[EventCountry "COL"]
[SourceTitle "CBM 158 Extra"]
[Source "ChessBase"]
[SourceDate "2014.02.28"]
[SourceVersion "1"]
[SourceVersionDate "2014.02.28"]
[SourceQuality "1"]

1. c4 e5 2. Nc3 Nf6 3. Nf3 Nc6 4. g3 Bc5 5. Bg2 0-0 6. 0-0 d6 7. d3 h6 8. a3 a5 9. b3 Re8 10. Bb2 Bf5 11. e4 Bg4 12. h3 Bxf3 13. Bxf3 Nd7 14. Kh2 Nf8 15. Bg4 Bd4 16. Rb1 Ne6 17. Bxe6 Rxe6 18. Ne2 Bxb2 19. Rxb2 Qf6 20. Kg2 Rf8 21. Rd2 Qg6 22. f4 f5 23. exf5 Qxf5 24. g4 Qf6 25. f5 Re7 26. Ng3 Nd4 27. Ne4 Qh4 28. Rdf2 Ref7 29. b4 axb4 30. axb4 Qd8 31. Qd2 c6 32. Qe3 b6 33. Ng3 Qh4 34. Ne4 Qd8 35. Ng3 Qh4 36. c5 bxc5 37. bxc5 dxc5 38. Qxe5 Re7 39. Qf4 Qf6 40. Ne4 Qe5 41. Qxe5 Rxe5 42. Rc1 Nb3 43. Rc3 Nd4 44. Rxc5 Rxc5 45. Nxc5 Re8 46. f6 gxf6 47. Rxf6 Kg7 48. Rd6 Re5 49. Rxd4 Rxc5 50. Rd6 h5 51. Kg3 hxg4 52. hxg4 Rc1 53. Kf4 c5 54. Rc6 Rc3 55. Ke4 Kf7 56. g5 Kg7 57. Ke3 Rc2 58. Kf4 Rc1 59. Kf3 Kf7 60. Ke3 Rc2 61. Ke4 Kg7 62. d4 c4 63. Rc5 Kg6 64. Kd5 Kxg5 65. Rxc4 Rd2 66. Kd6 Kf6 67. d5 Kf7 68. Re4 Rc2 69. Kd7 Rc5 70. d6 Rc3 71. Rf4+ Kg7 72. Kd8 Rc6 73. d7 Rc1 74. Ke7 Re1+ 75. Kd6 Rd1+ 76. Kc6 Rc1+ 77. Kd5 1-0

[Event "Bogota La Florida op"]
[Site "Bogota"]
[Date "2014.02.01"]
[Round "3"]
[White "Peralta Gonzalez, Javier Hernando"]
[Black "Lizarazo, Juan Carlos"]
[Result "0-1"]
[WhiteElo "1489"]
[BlackElo "2094"]
[PlyCount "66"]
[EventDate "2014.01.31"]
[EventType "swiss"]
[EventRounds "6"]
[EventCountry "COL"]
[SourceTitle "CBM 158 Extra"]
[Source "ChessBase"]
[SourceDate "2014.02.28"]
[SourceVersion "1"]
[SourceVersionDate "2014.02.28"]
[SourceQuality "1"]

1. e4 c5 2. c4 e6 3. Nc3 Nc6 4. Nf3 Qc7 5. Be2 Nf6 6. 0-0 a6 7. a4 Nd4 8. e5 Nxf3+ 9. Bxf3 Qxe5 10. Re1 Qc7 11. g3 Be7 12. d3 h6 13. Bf4 d6 14. Rc1 0-0 15. Be3 e5 16. Nd5 Nxd5 17. Bxd5 Bd7 18. f4 Bc6 19. Be4 f5 20. Bd5+ Kh7 21. b3 Rae8 22. Qh5 Bd8 23. Bd2 Bxd5 24. cxd5 Qf7 25. Qh3 Qxd5 26. fxe5 Rxe5 27. Rxe5 Qxe5 28. Qf1 Bg5 29. Bf4 Bxf4 30. gxf4 Qe3+ 31. Kh1 Re8 32. Rd1 Re6 33. Qg1 Qf3+ 0-1

[Event "Medellin Navideno op"]
[Site "Medellin"]
[Date "2013.12.20"]
[Round "4"]
[White "Gutierrez Herrera, Jose Antonio"]
[Black "Lizarazo, Juan Carlos"]
[Result "1-0"]
[WhiteElo "2188"]
[BlackElo "2120"]
[PlyCount "77"]
[EventDate "2013.12.18"]
[EventType "swiss"]
[EventRounds "9"]
[EventCountry "COL"]
[SourceTitle "CBM 158 Extra"]
[Source "ChessBase"]
[SourceDate "2014.02.28"]
[SourceVersion "1"]
[SourceVersionDate "2014.02.28"]
[SourceQuality "1"]

1. e4 c5 2. Nf3 Nc6 3. Bb5 Qb6 4. Nc3 e6 5. 0-0 a6 6. Bxc6 Qxc6 7. d4 cxd4 8. Nxd4 Qc7 9. f4 b5 10. Kh1 Nf6 11. Qd3 Bb7 12. a3 h5 13. Be3 Rc8 14. Bg1 Qb8 15. e5 Nd5 16. Nce2 h4 17. h3 Qa8 18. Nf3 Be7 19. Rad1 Rh5 20. b3 a5 21. c4 bxc4 22. bxc4 Ba6 23. Rc1 Bd8 24. Nfd4 Ne7 25. Nb5 Bxb5 26. cxb5 Nd5 27. Rxc8 Qxc8 28. Rc1 Qb7 29. a4 Rf5 30. Bh2 Bb6 31. Nd4 Nxf4 32. Qd2 Bxd4 33. Bxf4 g5 34. Be3 Bxe3 35. Qxe3 Kf8 36. b6 Qd5 37. Qc5+ Qxc5 38. Rxc5 d6 39. Rc8+ 1-0

[Event "Medellin Navideno op"]
[Site "Medellin"]
[Date "2013.12.19"]
[Round "3"]
[White "Lizarazo, Juan Carlos"]
[Black "Chirivi Castiblanco, Angie Lizeth"]
[Result "1-0"]
[WhiteElo "2120"]
[BlackElo "2045"]
[PlyCount "119"]
[EventDate "2013.12.18"]
[EventType "swiss"]
[EventRounds "9"]
[EventCountry "COL"]
[SourceTitle "CBM 158 Extra"]
[Source "ChessBase"]
[SourceDate "2014.02.28"]
[SourceVersion "1"]
[SourceVersionDate "2014.02.28"]
[SourceQuality "1"]

1. d4 Nf6 2. Nf3 g6 3. Bg5 Bg7 4. e3 d5 5. Nbd2 Nbd7 6. Bd3 0-0 7. 0-0 c5 8. c3 b6 9. e4 dxe4 10. Nxe4 cxd4 11. Nxd4 Bb7 12. Nxf6+ Nxf6 13. Re1 Qd5 14. Nf3 Rad8 15. Rxe7 Ba8 16. Bxf6 Bxf6 17. Re3 Bg5 18. Re5 Qxd3 19. Qxd3 Rxd3 20. Rxg5 Bxf3 21. gxf3 Rxf3 22. Rd1 Re8 23. Kf1 Re7 24. Rgd5 Rf4 25. Re1 Rxe1+ 26. Kxe1 Ra4 27. a3 Re4+ 28. Kf1 Re7 29. a4 Kg7 30. a5 bxa5 31. Rxa5 Rb7 32. b4 Rc7 33. Ra3 Kf6 34. Ke2 Ke5 35. Ke3 Kd5 36. Kd3 Ke5 37. c4 h5 38. Ra5+ Ke6 39. Ra6+ Ke5 40. c5 g5 41. Kc4 f5 42. Ra2 g4 43. Re2+ Kf4 44. Kd5 h4 45. c6 Rc8 46. Ra2 Kf3 47. Kd6 Rd8+ 48. Ke7 Rd4 49. b5 Rc4 50. Kd7 Kg2 51. c7 Rd4+ 52. Ke6 Rc4 53. Rxa7 Kxh2 54. b6 Kg2 55. b7 Rxc7 56. b8Q Rxa7 57. Qxa7 f4 58. Kf5 g3 59. fxg3 fxg3 60. Kg4 1-0

[Event "Bogota McGregor op 4th"]
[Site "Bogota"]
[Date "2013.12.07"]
[Round "7"]
[White "Lizarazo, Juan Carlos"]
[Black "Contreras R, Wilson Mauricio"]
[Result "1/2-1/2"]
[WhiteElo "2120"]
[BlackElo "1834"]
[PlyCount "69"]
[EventDate "2013.12.04"]
[EventType "swiss"]
[EventRounds "9"]
[EventCountry "COL"]
[SourceTitle "CBM 157 Extra"]
[Source "ChessBase"]
[SourceDate "2013.12.19"]
[SourceVersion "1"]
[SourceVersionDate "2013.12.19"]
[SourceQuality "1"]

1. e4 e5 2. Nf3 Nc6 3. Bc4 Nf6 4. Nc3 Bc5 5. d3 d6 6. h3 h6 7. Na4 Bb4+ 8. c3 Ba5 9. b4 Bb6 10. 0-0 0-0 11. a3 Bd7 12. Re1 Be6 13. Nxb6 axb6 14. Bxe6 fxe6 15. Qb3 Qd7 16. Nh4 Qf7 17. b5 Nd8 18. Ra2 Nh5 19. Qd1 Nf4 20. Nf3 Nxh3+ 21. gxh3 Qxf3 22. Qxf3 Rxf3 23. Re3 Rf6 24. Rg3 Kf7 25. d4 exd4 26. cxd4 d5 27. Rc2 Rc8 28. Rgc3 c6 29. e5 Rf5 30. bxc6 bxc6 31. Rb2 Rb8 32. Rcb3 Ra8 33. Rxb6 Rxa3 34. Be3 Ra8 35. Kg2 1/2-1/2

[Event "Bogota McGregor op 4th"]
[Site "Bogota"]
[Date "2013.12.06"]
[Round "4"]
[White "Ribero, Guillermo Andres"]
[Black "Lizarazo, Juan Carlos"]
[Result "0-1"]
[WhiteElo "1812"]
[BlackElo "2120"]
[PlyCount "74"]
[EventDate "2013.12.04"]
[EventType "swiss"]
[EventRounds "9"]
[EventCountry "COL"]
[SourceTitle "CBM 157 Extra"]
[Source "ChessBase"]
[SourceDate "2013.12.19"]
[SourceVersion "1"]
[SourceVersionDate "2013.12.19"]
[SourceQuality "1"]

1. e4 d6 2. d4 Nf6 3. Nc3 g6 4. f4 Bg7 5. e5 dxe5 6. fxe5 Nd5 7. Nf3 0-0 8. Bd3 Nxc3 9. bxc3 c5 10. Be3 Nc6 11. 0-0 Na5 12. Rb1 Be6 13. Be4 Bxa2 14. Rb2 Bd5 15. Bxd5 Qxd5 16. Rb5 b6 17. Qd3 Nc4 18. Ra1 a6 19. Rb3 b5 20. Bf4 f6 21. e6 Qxe6 22. Re1 Qf7 23. dxc5 e5 24. Be3 Rfd8 25. Qe4 Qd5 26. Bf2 Bf8 27. Qh4 Kg7 28. Rbb1 Bxc5 29. Rbd1 Qxd1 30. Bxc5 Qd7 31. Rf1 Qc6 32. Be7 Rd7 33. Nd4 exd4 34. Rxf6 Qd5 35. Rxg6+ hxg6 36. Qf6+ Kh7 37. g4 Ne3 0-1

[Event "Bogota McGregor op 4th"]
[Site "Bogota"]
[Date "2013.12.05"]
[Round "2"]
[White "Prado Segura, Robinson Alexander"]
[Black "Lizarazo, Juan Carlos"]
[Result "1-0"]
[WhiteElo "1868"]
[BlackElo "2120"]
[PlyCount "63"]
[EventDate "2013.12.04"]
[EventType "swiss"]
[EventRounds "9"]
[EventCountry "COL"]
[SourceTitle "CBM 157 Extra"]
[Source "ChessBase"]
[SourceDate "2013.12.19"]
[SourceVersion "1"]
[SourceVersionDate "2013.12.19"]
[SourceQuality "1"]

1. d4 Nf6 2. c4 e6 3. Nc3 Bb4 4. f3 c5 5. d5 d6 6. e4 e5 7. Bd2 Bxc3 8. Bxc3 0-0 9. Ne2 Nh5 10. g4 Qh4+ 11. Kd2 Nf6 12. Qe1 Qg5+ 13. Kd3 b5 14. b3 bxc4+ 15. bxc4 Nfd7 16. h4 Qf6 17. f4 Nb6 18. g5 Qe7 19. fxe5 Ba6 20. Nf4 dxe5 21. Nh5 Nxc4 22. Kc2 Qd7 23. Bxc4 Bxc4 24. Qg3 Qa4+ 25. Kd2 Nd7 26. Nf6+ Kh8 27. Nxd7 Qxd7 28. Qxe5 f6 29. gxf6 Rxf6 30. Rag1 Rg6 31. Rxg6 hxg6 32. h5 1-0

[Event "Bogota University op 7th"]
[Site "Bogota"]
[Date "2013.10.14"]
[Round "9"]
[White "Lizarazo, Juan Carlos"]
[Black "Pina Vega, Sulennis"]
[Result "0-1"]
[WhiteElo "2112"]
[BlackElo "2298"]
[PlyCount "108"]
[EventDate "2013.10.10"]
[EventType "swiss"]
[EventRounds "9"]
[EventCountry "COL"]
[SourceTitle "CBM 156 Extra"]
[Source "ChessBase"]
[SourceDate "2013.10.22"]
[SourceVersion "1"]
[SourceVersionDate "2013.10.22"]
[SourceQuality "1"]

1. Nf3 d5 2. g3 Nf6 3. Bg2 Nc6 4. d4 Bf5 5. c3 h6 6. 0-0 e6 7. Re1 Be7 8. Qb3 Rb8 9. a4 0-0 10. Nbd2 Ne4 11. Nf1 Bh7 12. N3d2 f5 13. f3 Nxd2 14. Bxd2 Na5 15. Qc2 c5 16. e4 c4 17. exd5 exd5 18. f4 Kh8 19. Ne3 Bg8 20. Re2 Nb3 21. Rae1 Qa5 22. Qb1 Bf6 23. h4 Bxd4 24. Qd1 Bb6 25. Kh2 Rbd8 26. Nc2 Nc5 27. Re7 Ne4 28. Be3 Rf7 29. Rxf7 Bxf7 30. Nd4 Bxd4 31. Qxd4 Re8 32. Bxe4 Rxe4 33. Qd1 Be8 34. Bd4 Bxa4 35. Qa1 Qb5 36. Rxe4 dxe4 37. Qa3 Qe8 38. Qc5 Qf7 39. Qxa7 Bc6 40. Qc5 Kh7 41. Qe5 Qg6 42. Qe7 Qg4 43. Qe5 e3 44. Qxe3 Qd1 45. Qg1 Qc2+ 46. Qf2 Qb1 47. Qg1 Qxb2+ 48. Qf2 Qb1 49. Qg1 Qe4 50. Be5 Qe2+ 51. Kh3 Bf3 52. h5 Bxh5 53. Bd4 Bg4+ 54. Kh4 Qe7+ 0-1

[Event "Bogota University op 7th"]
[Site "Bogota"]
[Date "2013.10.13"]
[Round "8"]
[White "De Arco, Luis Carlos"]
[Black "Lizarazo, Juan Carlos"]
[Result "1/2-1/2"]
[WhiteElo "2283"]
[BlackElo "2112"]
[PlyCount "55"]
[EventDate "2013.10.10"]
[EventType "swiss"]
[EventRounds "9"]
[EventCountry "COL"]
[SourceTitle "CBM 156 Extra"]
[Source "ChessBase"]
[SourceDate "2013.10.22"]
[SourceVersion "1"]
[SourceVersionDate "2013.10.22"]
[SourceQuality "1"]

1. e4 e5 2. Nf3 Nc6 3. Bb5 a6 4. Ba4 Nf6 5. d3 b5 6. Bb3 Be7 7. 0-0 0-0 8. a4 b4 9. Re1 d6 10. Nbd2 Na5 11. Ba2 c5 12. c3 Nc6 13. Nc4 h6 14. h3 Be6 15. Nh2 Na5 16. Nxa5 Qxa5 17. Bxe6 fxe6 18. Qb3 bxc3 19. bxc3 Kf7 20. Bd2 Rac8 21. Qc4 Rfd8 22. Re3 Rb8 23. Nf3 Rb2 24. Rd1 Rc8 25. Ree1 Rc7 26. Rb1 Rcb7 27. Red1 Rc7 28. Rxb2 1/2-1/2

[Event "Bogota University op 7th"]
[Site "Bogota"]
[Date "2013.10.11"]
[Round "4"]
[White "Sosa Florez, Luis Felipe"]
[Black "Lizarazo, Juan Carlos"]
[Result "0-1"]
[WhiteElo "1749"]
[BlackElo "2112"]
[PlyCount "96"]
[EventDate "2013.10.10"]
[EventType "swiss"]
[EventRounds "9"]
[EventCountry "COL"]
[SourceTitle "CBM 156 Extra"]
[Source "ChessBase"]
[SourceDate "2013.10.22"]
[SourceVersion "1"]
[SourceVersionDate "2013.10.22"]
[SourceQuality "1"]

1. d4 Nf6 2. Nf3 e6 3. c4 b6 4. g3 Bb7 5. Bg2 Bb4+ 6. Bd2 Be7 7. 0-0 d6 8. Bc3 Nbd7 9. Nbd2 c5 10. e3 Qc7 11. b4 0-0 12. a3 Ne4 13. Nxe4 Bxe4 14. Qb3 Nf6 15. Rfd1 Qb7 16. Nh4 Bxg2 17. Nxg2 Qf3 18. Nh4 Qh5 19. Ng2 g5 20. h4 gxh4 21. Nxh4 Ng4 22. Nf3 Nxe3 23. fxe3 Qxf3 24. Be1 f5 25. Ra2 Kf7 26. Qd3 Rg8 27. Rg2 cxd4 28. exd4 Qxd3 29. Rxd3 Rac8 30. Rc3 Rg4 31. Rd2 h5 32. c5 h4 33. Kf1 hxg3 34. Bxg3 f4 35. Rf2 e5 36. dxe5 dxe5 37. c6 Rxg3 38. Rxg3 Bh4 39. Rh3 Bxf2 40. Kxf2 Rxc6 41. Rh7+ Ke6 42. Rxa7 Kf5 43. a4 Ke4 44. b5 Rc2+ 45. Ke1 Ke3 46. Kd1 Ra2 47. Re7 e4 48. Re6 f3 0-1

[Event "Medellin Flores op 19th"]
[Site "Medellin"]
[Date "2013.08.07"]
[Round "8"]
[White "Arango, Andres Mauricio"]
[Black "Lizarazo, Juan Carlos"]
[Result "0-1"]
[WhiteElo "2140"]
[BlackElo "2084"]
[PlyCount "74"]
[EventDate "2013.08.03"]
[EventType "swiss"]
[EventRounds "9"]
[EventCountry "COL"]
[SourceTitle "CBM 155 Extra"]
[Source "ChessBase"]
[SourceDate "2013.08.26"]
[SourceVersion "1"]
[SourceVersionDate "2013.08.26"]
[SourceQuality "1"]

1. e4 d6 2. d4 g6 3. Be3 Bg7 4. Nc3 Nf6 5. f3 c6 6. Qd2 Qa5 7. Bh6 Bxh6 8. Qxh6 b5 9. Bd3 b4 10. Nd1 Ba6 11. b3 Nbd7 12. Ne2 c5 13. Nf2 Rc8 14. 0-0 cxd4 15. Nxd4 Qb6 16. Ne2 Bb7 17. Qg7 Rg8 18. Qh6 Rc5 19. Qd2 g5 20. Kh1 h5 21. Rac1 g4 22. fxg4 hxg4 23. Ng3 Nh5 24. Qe3 Ra5 25. Qxb6 Nxg3+ 26. hxg3 axb6 27. c3 bxc3 28. a4 Rh5+ 29. Kg1 Nc5 30. Bb5+ Kf8 31. Rxc3 Rgh8 32. Re3 f5 33. exf5 Rh2 34. Rd1 Rxg2+ 35. Kf1 Rhh2 36. Rd2 Bf3 37. b4 Rxf2+ 0-1

[Event "Medellin Flores op 19th"]
[Site "Medellin"]
[Date "2013.08.06"]
[Round "6"]
[White "Orozco Lopez, Lina Yomayra"]
[Black "Lizarazo, Juan Carlos"]
[Result "1-0"]
[WhiteElo "2141"]
[BlackElo "2084"]
[PlyCount "61"]
[EventDate "2013.08.03"]
[EventType "swiss"]
[EventRounds "9"]
[EventCountry "COL"]
[SourceTitle "CBM 155 Extra"]
[Source "ChessBase"]
[SourceDate "2013.08.26"]
[SourceVersion "1"]
[SourceVersionDate "2013.08.26"]
[SourceQuality "1"]

1. e4 d6 2. d4 Nf6 3. Nc3 g6 4. f4 Bg7 5. Nf3 c5 6. dxc5 Qa5 7. Bd2 Qxc5 8. Bd3 a6 9. a4 Bg4 10. b4 Qc8 11. b5 Qc5 12. Rb1 0-0 13. Qe2 Nbd7 14. Qf2 Bxf3 15. Qxf3 e5 16. f5 Rfe8 17. g4 d5 18. g5 dxe4 19. Nxe4 Nxe4 20. Bxe4 axb5 21. Rxb5 Qc4 22. Rb4 Qc8 23. fxg6 fxg6 24. Bxb7 Qxc2 25. Bxa8 e4 26. Bd5+ Kh8 27. Rxe4 Rb8 28. Ke2 Ne5 29. Qc3 Rc8 30. Qxc2 Rxc2 31. Rc1 1-0